Blue Sky Studios Movies - Statistics

General Stats
  • This quiz has been taken 131 times
    89 since last reset
  • The average score is 7 of 23
Answer Stats
Year Movie % Correct
2002 Ice Age
96%
2011 Rio
68%
2014 Rio 2
61%
2012 Ice Age: Continental Drift
52%
2009 Ice Age: Dawn of the Dinosaurs
49%
2006 Ice Age: The Meltdown
49%
2005 Robots
46%
2016 Ice Age: Collision Course
45%
2017 Ferdinand
39%
2015 The Peanuts Movie
37%
2008 Horton Hears A Who!
35%
2019 Spies in Disguise
35%
2013 Epic
34%
2023 Nimona
27%
2022 The Ice Age Adventures of Buck Wild
20%
1997 Alien: Resurrection
7%
1996 Joe's Apartment
7%
2000 Titan A.E.
7%
1997 A Simple Wish
6%
1998 Fight Club
6%
1997 Mouse Hunt
6%
1998 Star Trek: Insurrection
6%
1999 Jesus' Son
4%
No matching quizzes found
Score Distribution
Percent of People with Each Score
Percentile by Number Answered
Your Score History
You have not taken this quiz since the last reset